|
|
|
|
| LEADER |
00000caa a2200000 c 4500 |
| 001 |
1625651813 |
| 003 |
DE-627 |
| 005 |
20241201173615.0 |
| 007 |
tu |
| 008 |
110601s2011 xx ||||| 00| ||ger c |
| 035 |
|
|
|a (DE-627)1625651813
|
| 035 |
|
|
|a (DE-576)34544468X
|
| 035 |
|
|
|a (DE-599)BSZ34544468X
|
| 040 |
|
|
|a DE-627
|b ger
|c DE-627
|e rakwb
|
| 041 |
|
|
|a ger
|
| 100 |
1 |
|
|a Anders, Ralf Peter
|d 1965-
|0 (DE-588)102528674X
|0 (DE-627)721981763
|0 (DE-576)179151886
|4 aut
|
| 109 |
|
|
|a Anders, Ralf Peter 1965-
|a Anders, R. P. 1965-
|a Anders, Ralf 1965-
|
| 245 |
1 |
0 |
|a Zur Problematik öffentlicher Sexualstraftäterdateien
|c von Ralf Peter Anders
|
| 264 |
|
1 |
|c 2011
|
| 336 |
|
|
|a Text
|b txt
|2 rdacontent
|
| 337 |
|
|
|a ohne Hilfsmittel zu benutzen
|b n
|2 rdamedia
|
| 338 |
|
|
|a Band
|b nc
|2 rdacarrier
|
| 773 |
0 |
8 |
|i In
|t Juristische Rundschau
|d Berlin : de Gruyter, 1947
|g (2011), 5, Seite 190-198
|w (DE-627)129489506
|w (DE-600)205898-4
|w (DE-576)014883139
|x 0022-6920
|7 nnas
|
| 773 |
1 |
8 |
|g year:2011
|g number:5
|g pages:190-198
|
| 889 |
|
|
|w (DE-627)734955375
|
| 935 |
|
|
|i mdedup
|
| 951 |
|
|
|a AR
|
| ELC |
|
|
|b 1
|
| LOK |
|
|
|0 000 xxxxxcx a22 zn 4500
|
| LOK |
|
|
|0 001 3262927406
|
| LOK |
|
|
|0 003 DE-627
|
| LOK |
|
|
|0 004 1625651813
|
| LOK |
|
|
|0 005 20150203105509
|
| LOK |
|
|
|0 008 130117||||||||||||||||ger|||||||
|
| LOK |
|
|
|0 040
|a DE-21-110
|c DE-627
|d DE-21-110
|
| LOK |
|
|
|0 689
|a s
|a Grundproblematik
|
| LOK |
|
|
|0 689
|a s
|a Internetpranger
|
| LOK |
|
|
|0 689
|a s
|a Deutsches Recht
|
| LOK |
|
|
|0 689
|a s
|a Grundrechtsvereinbarkeit
|
| LOK |
|
|
|0 689
|a s
|a Strafrechtsdogmatik
|
| LOK |
|
|
|0 852
|z Kein Bestand am IfK; Nachweis für KrimDok
|
| LOK |
|
|
|0 852
|a DE-21-110
|
| LOK |
|
|
|0 852 1
|m v
|9 00
|
| LOK |
|
|
|0 938
|k v
|
| LOK |
|
|
|0 939
|a 17-01-13
|b l01
|
| ORI |
|
|
|a SA-MARC-krimdoka001.raw
|